ბათუმის შოთა რუსთაველის სახელმწიფო უნივერსიტეტის ბიბლიოთეკა

ვინ არის ვინ? (ბიბ.ჩანაწერი № 48702)

000 -LEADER
fixed length control field 00801nam a2200229Ia 4500
001 - CONTROL NUMBER
control field 15602
003 - CONTROL NUMBER IDENTIFIER
control field GE_BSU
008 - FIXED-LENGTH DATA ELEMENTS--GENERAL INFORMATION
fixed length control field 181216s||||||||xx |||||||||||||| ||und||
040 ## - CATALOGING SOURCE
Transcribing agency GE_BSU
080 ## - UNIVERSAL DECIMAL CLASSIFICATION NUMBER
Universal Decimal Classification number 821.161.1-2
100 ## - MAIN ENTRY--PERSONAL NAME
Personal name გორინი, გრიგოლ
245 ## - TITLE STATEMENT
Title ვინ არის ვინ?
245 ## - TITLE STATEMENT
Remainder of title მონოლოგები, პიესები
245 ## - TITLE STATEMENT
Statement of responsibility, etc. თარგმნა ო. ახმეტელმა. რედ. ლ.ჯუღელი. მხატვ. ვ.გაბელია
260 ## - PUBLICATION, DISTRIBUTION, ETC.
Place of publication, distribution, etc. თბილისი
260 ## - PUBLICATION, DISTRIBUTION, ETC.
Name of publisher, distributor, etc. ხელოვნება
260 ## - PUBLICATION, DISTRIBUTION, ETC.
Date of publication, distribution, etc. 1981
300 ## - PHYSICAL DESCRIPTION
Extent 101გვ. ; 20სმ
653 ## - INDEX TERM--UNCONTROLLED
Uncontrolled term ვინ არის ვინ?
653 ## - INDEX TERM--UNCONTROLLED
Uncontrolled term მონოლოგები, პიესები
942 ## - ADDED ENTRY ELEMENTS (KOHA)
Koha item type წიგნი
ეგზემპლარები
Withdrawn status Lost status Damaged status Not for loan Date acquired Barcode Date last seen Price effective from Koha item type
        2018-12-17 21210 2018-12-17 2018-12-17 წიგნი